El vientre de París

Guardat en:
Dades bibliogràfiques
Autor principal: Zola, Emile (Autor)
Format: Llibre
Idioma:espanyol
Publicat: Barcelona Lorenzana 1969
Edició:2a. ed
Col·lecció:Los Rougon-Macquart, 3
Matèries:
Etiquetes: Afegir etiqueta
Sense etiquetes, Sigues el primer a etiquetar aquest registre!

MARC

LEADER 00000nam a2200000 a 4500
001 UCQ4854
003 CL-VaPUC
008 980910e19690000SP |||||||||||||||||spa|d
082 0 4 |a 843  |b ZOL  |2 21 
100 0 |a Zola, Emile  |e author  |9 316220 
245 1 3 |a El vientre de París 
250 |a 2a. ed 
300 |a 379 p 
942 |c BK 
945 |d 19980910 00:00:00  |a crobeson 
260 |a Barcelona  |b Lorenzana  |c 1969 
650 0 |a Novela francesa  |9 264985 
650 0 |a Literatura francesa  |9 266330 
583 |a last modification  |c 19980910 00:00:00  |k Rodrigo Vera 
490 0 |a Los Rougon-Macquart, 3 
999 |c 275154  |d 275152 
952 |0 0  |1 0  |4 0  |6 843_000000000000000_ZOL_1969  |7 0  |8 A  |9 311709  |a BIBEDU  |b BIBEDU  |d 2019-11-20  |i 1466291  |o 843 ZOL 1969  |p 1466291  |r 2019-11-20  |w 2019-11-20  |y BK  |k LIT